000 00727nam a2200205 i 4500
001 185631
003 ES-MaACL
005 20260524164330.0
008 160729s1950 ag |||| | spa d
245 0 0 _aCiencia y civilización /
_cL. M. Stark, G. A. Price, A. V. Hill ... [et al.] ; [compilación y traducción de Lidia Galante de Catalano y Héctor Catalano].
250 _a[1ª ed. especialmente autorizada].
260 _a[Buenos Aires] :
_bEspasa Calpe,
_c1950.
300 _a211 p. ;
_c18 cm.
490 1 _aAustral
650 0 7 _aCiencia
_2embne
_910929
650 0 4 _aCivilización.
_911079
830 0 _aColección austral
_9177655
852 _aES-MaACL
_jB-13502
999 _c185631
_d185631